[Event "Bled Open women"]
[Site "Bled SLO"]
[Date "1992.??.??"]
[Round "2"]
[White "Harmsen, Jessica"]
[Black "Misanovic, Vesna"]
[Result "1-0"]
[WhiteElo "2170"]
[BlackElo "2320"]
[PlyCount "111"]
[EventDate "1992.??.??"]
[Source "www.chesslib.no"]
[SourceDate "2004.05.04"]

1. e4 e5 2. Nf3 Nc6 3. Nc3 Nf6 4. Bb5 Bc5 5. d3 d6 6. Bg5 h6 7. Bh4 g5 8. Bg3 Bd7 9. Qd2 a6 10. Bxc6 Bxc6 11. O-O-O Bb4 12. Rhe1 Qd7 13. Ng1 O-O-O 14. f3 Nh5 15. Bf2 Nf4 16. g3 Ne6 17. a3 Bc5 18. Bxc5 dxc5 19. Qe3 Rhe8 20. Nge2 Nd4 21. g4 b5 22. Ng3 b4 23. axb4 cxb4 24. Nce2 b3 25. Nxd4 exd4 26. Qd2 bxc2 27. Qxc2 Ba4 28. b3 Re6 29. Kd2 Rc6 30. Qa2 Bb5 31. Nf5 Rc3 32. Ke2 Qe6 33. Rd2 Qe5 34. Rh1 Qc5 35. b4 Qxb4 36. Rb1 Qa3 37. Qxa3 Rxa3 38. Rh1 c5 39. Nxh6 f6 40. Nf5 Rh8 41. h4 gxh4 42. Rxh4 Rxh4 43. Nxh4 a5 44. Ng6 a4 45. e5 fxe5 46. Nxe5 Kc7 47. g5 Kd6 48. g6 Bxd3+ 49. Rxd3 Rxd3 50. Kxd3 a3 51. Nc4+ Ke6 52. Nxa3 Kf6 53. Nc4 Kxg6 54. Ke4 Kf6 55. Ne5 Ke6 56. f4 1-0

[Event "Byern Ch H2"]
[Site "Lichtenfels"]
[Date "1994.??.??"]
[Round "?"]
[White "Bensch, Patrick"]
[Black "Urban, Michael"]
[Result "1-0"]
[WhiteElo "2245"]
[BlackElo "2235"]
[PlyCount "101"]
[EventDate "1994.??.??"]
[Source "www.chesslib.no"]
[SourceDate "2004.05.04"]

1. e4 e5 2. Nf3 Nc6 3. Nc3 Nf6 4. Bb5 Bc5 5. O-O d6 6. d4 exd4 7. Nxd4 Bd7 8. Bxc6 bxc6 9. Bg5 h6 10. Bh4 Qe7 11. Nf5 Bxf5 12. exf5 O-O-O 13. Qd3 Rde8 14. b4 Bxb4 15. Rab1 Bxc3 16. Qxc3 Kd7 17. Rb7 Rc8 18. Re1 Qd8 19. Rxa7 Re8 20. Rxe8 Qxe8 21. Ra6 Qe4 22. Bxf6 gxf6 23. h3 Rb8 24. f3 Rb1+ 25. Kf2 Qd5 26. Qxf6 Qc4 27. Ra8 Qc5+ 28. Kg3 Qe5+ 29. Qxe5 dxe5 30. Rf8 Ke7 31. Rc8 Kd7 32. Rf8 Ke7 33. Rh8 Rb2 34. Rxh6 Rxc2 35. a4 c5 36. a5 Ra2 37. a6 Kd7 38. Rf6 c4 39. Rxf7+ Kc6 40. Re7 Kd6 41. Re6+ Kd5 42. Re7 Kd6 43. f6 c3 44. Rxc7 Kxc7 45. f7 Rxg2+ 46. Kxg2 c2 47. f8=Q c1=Q 48. Qg7+ Kb6 49. Qxe5 Kxa6 50. f4 Kb7 51. h4 1-0

[Event "Taza MAR, zt 4.1 2005"]
[Site "?"]
[Date "2005.06.22"]
[Round "2"]
[White "Adnani Moklis"]
[Black "Asabri Hassan"]
[Result "0-1"]
[WhiteElo "2228"]
[BlackElo "2230"]
[PlyCount "32"]
[EventDate "2005.??.??"]
[Source "www.chesslib.no"]
[SourceDate "2004.05.04"]

1. e4 e5 2. Nf3 Nc6 3. Nc3 Nf6 4. Bb5 Bc5 5. O-O Nd4 6. Nxe5 O-O 7. Nd3 Bb6 8. e5 Ne8 9. b3 d6 10. Bc4 c6 11. exd6 Nxd6 12. Ne5 Re8 13. Ng4 Nxc4 14. bxc4 Ne2+ 15. Nxe2 Bxg4 16. Re1 Qf6 0-1

[Event "Landesliga Nord 9899"]
[Site "Bayern"]
[Date "1999.??.??"]
[Round "?"]
[White "Kreuzer, Martin"]
[Black "Finster, Michael"]
[Result "1-0"]
[WhiteElo "2325"]
[BlackElo "2130"]
[PlyCount "169"]
[EventDate "1998.??.??"]
[Source "www.chesslib.no"]
[SourceDate "2004.05.04"]

1. e4 e5 2. Nf3 Nc6 3. Nc3 Nf6 4. Bb5 Bc5 5. d3 d6 6. Nd5 h6 7. c3 a6 8. Ba4 b5 9. Bb3 O-O 10. O-O Rb8 11. Be3 Bg4 12. h3 Bxf3 13. Qxf3 Nxd5 14. Bxd5 Ne7 15. Bb3 Ng6 16. d4 Bb6 17. Qf5 Kh8 18. g3 Qc8 19. Qh5 Kh7 20. Bc2 c5 21. dxe5 dxe5 22. Rad1 c4 23. Bc1 f6 24. Qf5 Qxf5 25. exf5 Ne7 26. Rd7 Rfe8 27. Rfd1 Rbd8 28. Kg2 Rxd7 29. Rxd7 Bc5 30. Bd1 Rc8 31. Bf3 Nc6 32. a3 Nb8 33. Rd5 Bb6 34. Be3 Bxe3 35. fxe3 Kg8 36. Rd6 Kf8 37. Bb7 Re8 38. Bxa6 Nxa6 39. Rxa6 Rd8 40. Kf3 Rd2 41. a4 Rxb2 42. axb5 Rxb5 43. Rc6 Rb7 44. Rxc4 Ke7 45. Ke4 Kd6 46. Rc8 Ra7 47. Kd3 Ra4 48. Re8 Kd7 49. Rg8 e4+ 50. Kc2 Ra2+ 51. Kb3 Re2 52. Rxg7+ Kd6 53. Kc4 Rxe3 54. Kd4 Rd3+ 55. Kxe4 Rxc3 56. Rf7 Rc4+ 57. Kd3 Ra4 58. Rxf6+ Ke5 59. Rc6 Kxf5 60. Rc5+ Kg6 61. Rc3 Ra1 62. Ke4 Rh1 63. Rc6+ Kg7 64. h4 Re1+ 65. Kf5 Rf1+ 66. Kg4 Rf7 67. Re6 Ra7 68. h5 Rf7 69. Rg6+ Kh7 70. Rd6 Kg7 71. Re6 Kh7 72. Re5 Ra7 73. Kf5 Rf7+ 74. Ke4 Rg7 75. Kf4 Rf7+ 76. Rf5 Ra7 77. g4 Rg7 78. Rf6 Ra7 79. Ke5 Rg7 80. Kf5 Ra7 81. Rd6 Rf7+ 82. Ke6 Rg7 83. Rd7 Kg8 84. Rxg7+ Kxg7 85. Ke7 1-0

[Event "7 Open Genova"]
[Site "?"]
[Date "2003.08.05"]
[Round "5"]
[White "Jones Gawain C"]
[Black "Yahya Mohamed Saleh"]
[Result "1-0"]
[WhiteElo "2347"]
[BlackElo "2095"]
[PlyCount "47"]
[EventDate "2003.??.??"]
[Source "www.chesslib.no"]
[SourceDate "2004.05.04"]

1. e4 e5 2. Nf3 Nc6 3. Nc3 Nf6 4. Bb5 Bc5 5. O-O d6 6. d4 exd4 7. Nxd4 Bd7 8. Nf5 O-O 9. Bg5 a6 10. Nxg7 axb5 11. Nh5 Bg4 12. Nxf6+ Qxf6 13. Bxf6 Bxd1 14. Raxd1 b4 15. Nd5 Rxa2 16. Rd3 Rb8 17. Rfd1 Ne5 18. Bxe5 dxe5 19. Nf6+ Kg7 20. Nd7 Ba7 21. Rg3+ Kh6 22. Nxb8 Bxb8 23. Rg8 Ba7 24. Kf1 1-0

[Event "Groningen Open"]
[Site "Groningen NED"]
[Date "1994.??.??"]
[Round "6"]
[White "Wagenmakers, Eric-Jan"]
[Black "Marcelin, Cyril"]
[Result "1/2-1/2"]
[WhiteElo "2220"]
[BlackElo "2215"]
[PlyCount "54"]
[EventDate "1994.12.??"]
[Source "www.chesslib.no"]
[SourceDate "2004.05.04"]

1. e4 e5 2. Nf3 Nc6 3. Nc3 Nf6 4. Bb5 Bc5 5. O-O O-O 6. Nxe5 Nxe5 7. d4 Bd6 8. f4 Nc6 9. e5 Be7 10. d5 Nb8 11. exf6 Bxf6 12. Be3 d6 13. Qd2 Bf5 14. Bd3 Bxd3 15. Qxd3 Nd7 16. Rae1 a6 17. Bd4 Bxd4+ 18. Qxd4 Nf6 19. Ne4 Nxe4 20. Rxe4 Re8 21. Rfe1 Qd7 22. c4 Kf8 23. b3 Qf5 24. h3 Rxe4 25. Qxe4 Qxe4 26. Rxe4 a5 27. Kf2 b6 1/2-1/2

[Event "CZE-chT2 9798"]
[Site "CZE"]
[Date "1997.??.??"]
[Round "1.3"]
[White "Petr, Jan"]
[Black "Vorisek, Jaroslav"]
[Result "1/2-1/2"]
[WhiteElo "2180"]
[BlackElo "2230"]
[PlyCount "110"]
[EventDate "1997.??.??"]
[Source "www.chesslib.no"]
[SourceDate "2004.05.04"]

1. e4 e5 2. Nf3 Nc6 3. Nc3 Nf6 4. Bb5 Bc5 5. O-O O-O 6. d3 d6 7. Bg5 h6 8. Bh4 Be6 9. Na4 Nd4 10. Nxd4 Bxd4 11. c3 a6 12. cxd4 axb5 13. dxe5 dxe5 14. Nc5 Bc8 15. f4 exf4 16. Rxf4 Qd6 17. Rxf6 gxf6 18. Rc1 Qf4 19. Bg3 Qe3+ 20. Bf2 Qg5 21. d4 Bg4 22. Qe1 Rxa2 23. Nd3 Re8 24. Bg3 Qg6 25. Qb4 Rxe4 26. Rf1 Be2 27. Nf4 Qg4 28. Nd5 Re6 29. Nxf6+ Rxf6 30. Rxf6 Ra1+ 31. Be1 Bc4 32. Qd2 Rd1 33. Qe3 Qxd4 34. Qxd4 Rxd4 35. Rxh6 Rd1 36. Kf2 Kg7 37. Rh4 f5 38. Bc3+ Kg6 39. Rd4 Rf1+ 40. Ke3 c5 41. Rd6+ Kg5 42. Bf6+ Kh5 43. g3 b4 44. Rd7 Kg6 45. Be7 b6 46. Bd8 Re1+ 47. Kf4 Re6 48. Bc7 Re4+ 49. Kf3 Be2+ 50. Kf2 Bg4 51. Bxb6 Re2+ 52. Kf1 Rxh2 53. Bxc5 Rxb2 54. Rg7+ Kh6 55. Be3+ Kxg7 1/2-1/2

[Event "Peru"]
[Site "?"]
[Date "1999.??.??"]
[Round "3"]
[White "Guerrero Sanmarti Richard"]
[Black "Lundvik Jonas"]
[Result "1/2-1/2"]
[WhiteElo "2250"]
[BlackElo "2155"]
[PlyCount "36"]
[EventDate "1999.??.??"]
[Source "www.chesslib.no"]
[SourceDate "2004.05.04"]

1. e4 e5 2. Nf3 Nc6 3. Nc3 Nf6 4. Bb5 Bc5 5. Bxc6 dxc6 6. Nxe5 Bxf2+ 7. Kxf2 Qd4+ 8. Ke1 Qxe5 9. Qf3 Bg4 10. Qe3 O-O 11. d4 Qe6 12. Kf2 Rfe8 13. e5 Nd5 14. Nxd5 cxd5 15. Qf4 Bh5 16. Rf1 Bg6 17. c3 Bd3 18. Re1 Be4 1/2-1/2

[Event "ol (Men)"]
[Site "Skopje ol (Men)"]
[Date "1972.??.??"]
[Round "7"]
[White "Friedman, Josef"]
[Black "Villasante, Audres"]
[Result "1-0"]
[WhiteElo "2200"]
[BlackElo "2200"]
[PlyCount "43"]
[EventDate "1972.??.??"]
[Source "www.chesslib.no"]
[SourceDate "2004.05.04"]

1. e4 e5 2. Nf3 Nc6 3. Nc3 Nf6 4. Bb5 Bc5 5. Nxe5 Nxe5 6. d4 Bb4 7. dxe5 Nxe4 8. Qd4 Nxc3 9. bxc3 Be7 10. O-O O-O 11. Bd3 d6 12. Bf4 b6 13. c4 Bb7 14. Qe3 g6 15. Qg3 d5 16. Rad1 Bh4 17. Qh3 c5 18. Bh6 Re8 19. f4 f5 20. g4 fxg4 21. Qxg4 Be7 22. Bxg6 1-0

[Event "Quebec op"]
[Site "Montreal"]
[Date "1998.07.28"]
[Round "4"]
[White "Leveille, Francois"]
[Black "Cormos, Eugene"]
[Result "1-0"]
[WhiteElo "2295"]
[BlackElo "2095"]
[PlyCount "83"]
[EventDate "1998.07.??"]
[Source "www.chesslib.no"]
[SourceDate "2004.05.04"]

1. e4 e5 2. Nf3 Nc6 3. Nc3 Nf6 4. Bb5 Bc5 5. Nxe5 Qe7 6. Nd3 Nxe4 7. O-O Nxc3 8. dxc3 Nd8 9. Nxc5 Qxc5 10. a4 c6 11. Bd3 O-O 12. Bf4 d5 13. Qh5 g6 14. Qh4 Ne6 15. Be5 f5 16. b4 Qb6 17. Bd6 Rf7 18. a5 Qd8 19. Qxd8+ Nxd8 20. Rfe1 Ne6 21. Re2 Bd7 22. Rae1 Re8 23. c4 Ng7 24. cxd5 cxd5 25. Rxe8+ Nxe8 26. Bc5 a6 27. f3 Nf6 28. Kf2 Bc6 29. Ke3 Nd7 30. Kd4 Nf8 31. Be7 Nd7 32. c4 Nf6 33. Bxf6 Rxf6 34. cxd5 Bd7 35. Re7 Rf7 36. Rxf7 Kxf7 37. Kc5 Ke7 38. Kb6 Kd6 39. Kxb7 Kxd5 40. Bxa6 Kd4 41. Kb6 Ke3 42. Bb7 1-0

[Event "DDMM (Women)"]
[Site "Germany"]
[Date "1999.??.??"]
[Round "5.3"]
[White "Werner, Isabel"]
[Black "Niessen, Helga"]
[Result "1/2-1/2"]
[WhiteElo "2240"]
[BlackElo "2145"]
[PlyCount "89"]
[EventDate "1999.??.??"]
[Source "www.chesslib.no"]
[SourceDate "2004.05.04"]

1. e4 e5 2. Nf3 Nc6 3. Nc3 Nf6 4. Bb5 Bc5 5. Nxe5 Qe7 6. Nd3 Nxe4 7. O-O Nxc3 8. dxc3 d6 9. Nxc5 dxc5 10. Qh5 O-O 11. Bg5 f6 12. Rae1 Be6 13. Be3 Ne5 14. f4 Bf7 15. Qf5 Be6 16. Qe4 c6 17. fxe5 cxb5 18. exf6 Rxf6 19. Rxf6 gxf6 20. Bh6 Re8 21. Re3 Kh8 22. Qf4 Rg8 23. b3 Qf7 24. Rg3 Rxg3 25. Qxg3 Qe7 26. Kf2 b6 27. Qb8+ Bg8 28. Qf8 Qf7 29. Qxf7 Bxf7 30. Ke3 Bg6 31. Kd2 Be4 32. g3 c4 33. b4 Kg8 34. Bf4 Kf7 35. Bb8 a6 36. Bc7 Ke6 37. Bxb6 Kd5 38. Bd4 Ke6 39. Be3 Ke5 40. Bd4+ Ke6 41. Ba7 Ke5 42. Bb8+ Kd5 43. Bc7 Bf5 44. Bd8 Ke5 45. Be7 1/2-1/2

[Event "Oberliga 9900"]
[Site "Bayern"]
[Date "2000.??.??"]
[Round "?"]
[White "Keller, Manfred"]
[Black "Urban, Michael"]
[Result "1/2-1/2"]
[WhiteElo "2228"]
[BlackElo "2155"]
[PlyCount "37"]
[EventDate "1999.??.??"]
[Source "www.chesslib.no"]
[SourceDate "2004.05.04"]

1. e4 e5 2. Nf3 Nc6 3. Nc3 Nf6 4. Bb5 Bc5 5. d3 d6 6. Be3 Bb6 7. h3 O-O 8. O-O Ne7 9. d4 c6 10. dxe5 dxe5 11. Qxd8 Rxd8 12. Bxb6 axb6 13. Bc4 b5 14. Bb3 b4 15. Ne2 Nxe4 16. Nxe5 Nd5 17. Rad1 Bf5 18. Nd3 Nef6 19. Ndf4 1/2-1/2